01488cam a2200349 a 4500999001700000001000800017003000900025005001700034008004100051020001800092020002200110040003800132082002000170245011100190264005600301300004400357336002600401337002800427338002700455504005100482650007100533650008100604650007800685650007000763651001000833653002300843655002400866700003500890700004100925942001200966952016000978 c16913d169133576842EG-ScBUE20210301145736.0990621s2000 enka f b 001 0 eng d a9780521595339 a0521595339 (pbk.) aDLCbengerdacDLCdDLCdEG-ScBUE04a822.91bCAM22204aThe Cambridge companion to modern British women playwrights /cedited by Elaine Aston and Janelle Reinelt. 1aCambridge, UK :bCambridge University Press,c2000. axx, 276 pages :billustrations ;c24 cm 2rdacontentatextbtxt 2rdamediaaunmediatedbn 2rdacarrieravolumebnc aIncludes bibliographical references and index. 7aEnglish dramaxWomen authorsxHistory and criticism.9307622BUEsh 7aFeminism and literaturezGreat BritainxHistoryy20th century.9307632BUEsh 7aWomen and literaturezGreat BritainxHistoryy20th century.9307642BUEsh 7aEnglish dramay20th centuryxHistory and criticism.9307652BUEsh 2BUEsh cJuly2012bHHUUEENN vReading book9342321 aAston, Elaine,eeditor.9307661 aReinelt, Janelle G.,eeditor.930767 2ddccBB 00102ddc40708BaccahaMAINbMAINc2NDd2012-07-25epurchaseg187.00h15359l1m1o822.91 CAMp000027032r2025-07-15 00:00:00s2012-12-04w2012-07-25yBB